| 000 | 00434nam a2200157Ia 4500 | ||
|---|---|---|---|
| 008 | 220204s9999 xx 000 0 und d | ||
| 020 | _a9789389110920 | ||
| 082 |
_a82-1=03=214.21 _bSHA |
||
| 100 | _aShanmugham Chettiar, RM | ||
| 245 | 0 | _aRole of soul and body(English poems with Hindi translation) | |
| 260 |
_aNew Delhi _bAuthors Press _c2019 |
||
| 300 | _a139p. | ||
| 650 | _aEnglish poem | ||
| 650 | _aHindi poem | ||
| 942 | _cBK | ||
| 999 |
_c44821 _d44821 |
||